[Event "Zaragoza Province-ch Preferente"]
[Site "Zaragoza"]
[Date "2015.09.27"]
[Round "1"]
[White "Gutierrez Barrachina, Jose Antonio"]
[Black "Montes Llorente, Diego"]
[Result "1-0"]
[WhiteElo "1983"]
[BlackElo "1819"]
[PlyCount "73"]
[EventDate "2015.09.27"]
[EventType "swiss"]
[EventRounds "6"]
[EventCountry "ESP"]
[SourceTitle "CBM 170 Extra"]
[Source "ChessBase"]
[SourceDate "2016.02.25"]
[SourceVersion "1"]
[SourceVersionDate "2016.02.25"]
[SourceQuality "1"]

1. e4 e5 2. d4 exd4 3. Qxd4 Nc6 4. Qd3 Nf6 5. Nc3 Bb4 6. Bd2 0-0 7. 0-0-0 Re8 8. Qg3 d6 9. f4 Nh5 10. Qf3 Nf6 11. Re1 Nd4 12. Qd3 Ne6 13. Qg3 Nh5 14. Qf3 Bxc3 15. Bxc3 Nhxf4 16. h4 Ng6 17. Qg3 Bd7 18. Nf3 f6 19. Bc4 Kh8 20. h5 Ne5 21. Nxe5 dxe5 22. h6 g6 23. Bxe5 b5 24. Rhf1 Kg8 25. Bxf6 Qc8 26. Bb3 c5 27. Bd5 Bc6 28. Qd6 Bxd5 29. exd5 Nd4 30. Re7 Nf5 31. Rxf5 Qxf5 32. Rg7+ Kh8 33. Rxh7+ Kxh7 34. Qc7+ Kxh6 35. Qg7+ Kh5 36. Qh7+ Kg4 37. Qh3+ 1-0

[Event "Zaragoza Artistica op"]
[Site "Zaragoza"]
[Date "2013.04.21"]
[Round "4"]
[White "Antonano Fedz Quincoces, Avelino"]
[Black "Montes Llorente, Diego"]
[Result "1-0"]
[WhiteElo "2099"]
[BlackElo "1546"]
[PlyCount "73"]
[EventDate "2013.04.13"]
[EventType "swiss"]
[EventRounds "9"]
[EventCountry "ESP"]
[SourceTitle "CBM 154 Extra"]
[Source "ChessBase"]
[SourceDate "2013.06.25"]
[SourceVersion "2"]
[SourceVersionDate "2013.06.25"]
[SourceQuality "1"]

1. e4 e5 2. Nf3 Nc6 3. d4 exd4 4. Bc4 d6 5. Nxd4 Nxd4 6. Qxd4 Qf6 7. Be3 Be7 8. Qd2 Qg6 9. Nc3 Nf6 10. f3 c6 11. 0-0-0 b5 12. Bd3 Qh5 13. h4 b4 14. Ne2 Qa5 15. Kb1 c5 16. Bc4 Be6 17. Bxe6 fxe6 18. Nf4 Kf7 19. g4 g6 20. g5 e5 21. gxf6 exf4 22. fxe7 fxe3 23. Qxd6 Qb6 24. Qf4+ Qf6 25. Qxe3 Qxe7 26. Rd5 Rac8 27. h5 a5 28. Qd2 Rcd8 29. Rd1 Rxd5 30. Qxd5+ Kg7 31. e5 Re8 32. hxg6 hxg6 33. f4 Rf8 34. Qe4 Qf7 35. Rg1 Qf5 36. Qc6 Rf7 37. b3 1-0